000 00763cam a2200205 i 4500
001 17474833
005 20240220000045.0
008 120926s2012 ce b 001 0 eng
020 _a9789550762088
040 _aDLC
_beng
_cDLC
_dDLC
_erda
_dDLC
082 _222
_a320.9.
_bREF.
245 0 0 _aReframing democracy :
_bperspectives on the cultures of inclusion and exclusion in contemporary Sri Lanka /
_cJayadeva Uyangoda, Neloufer de Mel.
260 _aColombo .,
_bSocial Scientists' Association ,
_c2012.
300 _axiv, 485 pages ;
650 0 _aDemocratization
700 1 _aUyangoda, Jayadeva,
_eeditor of compilation.
700 1 _aDe Mel, Neloufer,
_eeditor of compilation.
856 4 1 _uhttp://www.loc.gov/catdir/toc/fy13pdf04/2012337724.html
942 _cL
999 _c428
_d428